LEADER 01019nam0 2200301 450 001 000018452 005 20081030102622.0 010 $a0-7918-0257-4 010 $a978-0-7918-0257-1 100 $a20081030d2007----km-y0itay50------ba 101 0 $aeng 102 $aUS 105 $ay-------001yy 200 1 $aPipeline design & construction$ea practical approach$fM. Mohitpour, H. Golshan, A. Murray 205 $a3. ed. 210 $aNew York$cASME PRESS$d2007 215 $aXX, 734 p.$cill.$d27 cm 500 10$aPipeline design & construction$933207 610 1 $aImpianti chimici - Progettazione 676 $a660.281$v20$9Ingegneria chimica. Specifici tipi di impianto chimico 700 1$aMohitpour,$bMo$4070$0632181 701 1$aGolshan,$bHossein$4070$0632227 701 1$aMurray,$bMatthew Alan$4070$0632228 801 0$aIT$bUNIPARTHENOPE$c20081030$gRICA$2UNIMARC 912 $a000018452 951 $aP1 660-P/1$b40915$cPIST$d2008 996 $aPipeline design & construction$933207 997 $aUNIPARTHENOPE LEADER 00873nas 2200349 c 450 001 9910893619003321 005 20260218111157.0 035 $a(CKB)5280000000200285 035 $a(DE-599)ZDB2787360-2 035 $a(DE-101)1059146169 035 $a(DE-599)2787360-2 035 $a(EXLCZ)995280000000200285 100 $a20141007b18701870 |y | 101 0 $afre 135 $aur||||||||||| 181 $ctxt$2rdacontent 182 $cc$2rdamedia 183 $acr$2rdacarrier 200 00$a˜Leœ Rayon bleu$ejournal des photographes 210 31$aParis$d1870-1870 215 $aOnline-Ressource 608 $aZeitschrift$2gnd-content 676 $a770 676 $a700 686 $a9,10$2ssgn 801 0$b0016 801 1$bDE-101 801 2$b9999 906 $aJOURNAL 912 $a9910893619003321 996 $aRayon bleu$94217667 997 $aUNINA